00940nam a2200217 a 450000100100000000500170001000800410002702000170006804000250008508200150011010000350012524500630016024600480022326000370027130000280030804900090033695201280034595201190047395201130059299900170070500001480020240301124642.0100122s2009 dr a 001 0 spa d z978999349787 aDO-SdBNPbspacBNPHU axxxbG795c1 aGreen, Pedro N.,d1938-97737110a5 cánceres, 1 transplante y soy feliz /cPedro N. Green.12aCinco Cánceres, 1 transplante y soy feliz aSanto Domingo :bDe Luxe,c2009. a100 p. :bil. ;c20 cm. aBNPD 001054708DSaGRbGRcCTd2010-01-22iLF1l0oxxx G795cp14800-30r2020-06-25te. 3w2020-06-25yLFDSZPréstamo en sala 0010718PDaPDbPDcCTd2010-01-22iLF1l0oxxx G795cp14800-10r2020-06-25te. 2w2020-06-25yLFPDZNo se presta 0010718PDaPDbPDcCTd2010-01-22iLF1l0oxxx G795cp14800-20r2020-06-25w2020-06-25yLFPDZNo se presta c14381d14381